The method of orthogonal collocation / (Record no. 17151)
[ view plain ]
| 000 -LEADER | |
|---|---|
| fixed length control field | 00524nam a22001697a 4500 |
| 008 - FIXED-LENGTH DATA ELEMENTS--GENERAL INFORMATION | |
| fixed length control field | 130102s2004 su ||||| |||| 001 0 eng d |
| 020 ## - INTERNATIONAL STANDARD BOOK NUMBER | |
| International Standard Book Number | 996037694x : |
| 082 ## - DEWEY DECIMAL CLASSIFICATION NUMBER | |
| Classification number | 660 |
| Item number | SOL |
| Edition number | 22 |
| 100 1# - MAIN ENTRY--PERSONAL NAME | |
| Personal name | Soliman, Moustafa Aly. |
| 9 (RLIN) | 31760 |
| 245 ## - TITLE STATEMENT | |
| Title | The method of orthogonal collocation / |
| Statement of responsibility, etc | Moustafa Aly Soliman. |
| 260 ## - PUBLICATION, DISTRIBUTION, ETC. (IMPRINT) | |
| Place of publication, distribution, etc | Riyadh : |
| Name of publisher, distributor, etc | King Saud University, |
| Date of publication, distribution, etc | c2004. |
| 300 ## - PHYSICAL DESCRIPTION | |
| Extent | 261 p. : |
| Other physical details | ill. ; |
| Dimensions | 24 cm. |
| 500 ## - GENERAL NOTE | |
| General note | Include index. |
| 650 ## - SUBJECT ADDED ENTRY--TOPICAL TERM | |
| Topical term or geographic name as entry element | Chemical Engineering |
| 9 (RLIN) | 31761 |
| Source of heading or term | BUEsh |
| 651 ## - SUBJECT ADDED ENTRY--GEOGRAPHIC NAME | |
| Source of heading or term | BUEsh |
| 942 ## - ADDED ENTRY ELEMENTS (KOHA) | |
| Source of classification or shelving scheme | Dewey Decimal Classification |
| Item type | Book - Borrowing |
| Call number prefix | 660 SOL |
| Withdrawn status | Item status | Source of classification or shelving scheme | Damaged status | Not for loan | Vendor | Home library | Current library | Shelving location | Date acquired | Source of acquisition | Total Checkouts | Full call number | Barcode | Date last seen | Koha item type |
|---|---|---|---|---|---|---|---|---|---|---|---|---|---|---|---|
| Dewey Decimal Classification | Donation-Gift | Central Library | Central Library | First floor | 02/01/2013 | Donation | 660 SOL | 000027904 | 15/07/2025 | NB - Book (Non borrowing) | |||||
| Dewey Decimal Classification | Donation-Gift | Central Library | Central Library | First floor | 02/01/2013 | Donation | 660 SOL | 000027905 | 15/07/2025 | Book - Borrowing |